Tripoints sur la carte du monde #3 - Statistiques

Statistiques générales
  • Ce quiz a été pris 7 635 fois
  • Le résultat moyen est 19 sur 27
Statistiques - réponses
Par images Réponse % Correct
Égypte
96%
Libye
94%
Soudan
91%
Chine
85%
Russie
83%
Algérie
81%
Corée du Nord
80%
Mali
80%
Brésil
79%
Albanie
77%
Grèce
77%
Mauritanie
76%
Guyana
75%
Macédoine du Nord
74%
Venezuela
73%
Croatie
72%
Bosnie-Herzégovine
70%
Monténégro
68%
Afghanistan
58%
Iran
58%
Pakistan
58%
Malawi
51%
Tanzanie
51%
Mozambique
47%
Kazakhstan
41%
Ouzbékistan
41%
Turkménistan
40%
Aucun quiz correspondant
Distribution des résultats
% des personnes avec chaque résultat
Percentile par nombre de réponses
Votre historique - résultats
Vous n’avez pas pris ce quiz